| 000 | 003510000a22001450004500 | ||
|---|---|---|---|
| 005 | 20120302065106.0 | ||
| 942 | _cBOOK | ||
| 100 | _a Borse, Dr.Shree.Da.Go. | ||
| 245 | _a Loksahityache Shaikshanik Mahatva | ||
| 260 | _aNagpur:Girija Sahitya Bhandar,1989 | ||
| 300 | _a52p | ||
| 040 | _aMar | ||
| 365 | _b15/- | ||
| 650 | _aMiscellaneous, Sankeerna | ||
| 999 |
_c363868 _d363865 |
||